Mario odyssey kingdoms - sudden death - Statistics

General Stats
  • This quiz has been taken 116 times
  • The average score is 9 of 17
Answers on the Grid
Answers color-coded by a green-red scale on the quiz's grid according to % correct below.
Snow kingdom
Sunny kingdom
Dark side
New donk city
Cap kingdom
Dinosaur kingdom
Waterfall kingdom
Cloud kingdom
Sand kingdom
Nintendo kingdom
Seaside kingdom
Hidden kingdom
Metro kingdom
Moon kingdom
Koopa kingdom
Darker side
Cascade kingdom
Quiet kingdom
Lake kingdom
Darkest side
Forest kingdom
Racing kingdom
Lost kingdom
Luncheon kingdom
Ruined kingdom
Rabbit kingdom
Mushroom kingdom
Bowser kingdom
Dragon kingdom
Wooded kingdom
 
Answer Stats
Answer % Correct
Snow kingdom
86%
Cap kingdom
68%
Dark side
67%
Metro kingdom
59%
Sand kingdom
59%
Cascade kingdom
58%
Darker side
50%
Cloud kingdom
48%
Seaside kingdom
48%
Ruined kingdom
47%
Mushroom kingdom
45%
Lake kingdom
44%
Lost kingdom
44%
Luncheon kingdom
44%
Moon kingdom
44%
Wooded kingdom
44%
Bowser kingdom
41%
No matching quizzes found
Score Distribution
Percent of People with Each Score
Percentile by Number Answered
Your Score History
You have not taken this quiz